Teoretické úvahy nad komanditnou spoločnosťou

Aplikácia pojmov právny systém, právna norma a ich štruktúra na komanditnú spoločnosť.

Saved in:
Bibliographic Details
Main Author: Vačoková, Lenka, 1983-
Format: Book Chapter
Language:Slovak
Subjects:
Tags: Add Tag
No Tags, Be the first to tag this record!

MARC

LEADER 00000naa$a2200000$$$4500
001 0142221
005 20240502072540.8
041 0 |a slo 
044 |a SK 
245 1 0 |a Teoretické úvahy nad komanditnou spoločnosťou  |c Lenka Vačoková 
520 |a Aplikácia pojmov právny systém, právna norma a ich štruktúra na komanditnú spoločnosť. 
610 2 0 |a spoločnosti komanditné 
610 2 0 |a systémy právne 
610 2 0 |a normy právne 
100 1 |a Vačoková, Lenka, 1983-